000 00889nam a2200241Ia 4500
003 GCL
008 140319s9999 xx 000 0 ara d
020 _a1534671977
040 _aGCL /
_cGCL
082 0 4 _a296.3827
_bأ ع
100 1 _aاحمد احمد على السقا
245 1 0 _aعودة المسيح المنتظر لحرب العراق بين النبوءة والسياسة /
_cاحمد احمد على السقا
250 _aالاولى
260 _aالقاهرة :
_bدار الكتاب العربى ،
_c2004
300 _a252 ص ؛
_c24سم
650 0 4 _aالمسيحية واليهودية
650 0 4 _aالمسيحية والسياسة
650 0 4 _aاليهود والعرب
650 0 4 _aالعراق - الاحوال السياسية
650 0 4 _aاليهودية والسياسة
650 0 4 _aالعقائد اليهودية
942 _2ddc
_cBK
999 _c51111
_d51111